Najbogatsze kraje świata! - Statystyki

Ogólne statystyki
  • Ten quiz został rozwiązany 36 razy
  • Średni wynik to 5 z 10
Statystyki odpowiedzi
Odpowiedź % Poprawnych
8 USA
93%
10 Chiny
67%
4 Norwegia
67%
5 Szwajcaria
67%
1 Luksemburg
63%
3 Katar
60%
2 Singapur
57%
9 Dania
53%
6 Brunei
20%
7 Gujana
0%
Nie znaleziono quizów pasujących do podanych kryteriów
Rozkład punktacji
Procent ludzi z każdym wynikiem
Percentyl według liczby udzielonych odpowiedzi
Twoja historia wyników
Nie rozwiązałeś tego quizu